[Event "European Individual Championship (Women)"]
[Site "Mamaia ROU"]
[Date "2016.06.07"]
[EventDate "2016.05.27"]
[Round "11.29"]
[Result "1/2-1/2"]
[White "Gulnar Mammadova"]
[Black "Laura Unuk"]
[WhiteElo "2319"]
[BlackElo "2246"]
[PlyCount "170"]

1. c4 Nf6 2. Nc3 e6 3. e4 d5 4. e5 d4 5. exf6 dxc3 6. bxc3
Qxf6 7. Nf3 e5 8. Bd3 Nd7 9. Bc2 Nb6 10. Qe2 Bg4 11. Qxe5+ Be7
12. Qxf6 Bxf6 13. c5 Nd7 14. Rb1 O-O-O 15. d4 Rhe8+ 16. Be3 b6
17. cxb6 Nxb6 18. Bb3 c5 19. O-O Bxf3 20. gxf3 cxd4 21. cxd4
Bxd4 22. Bxf7 Rf8 23. Be6+ Kb7 24. Bxd4 Rxd4 25. Rb3 Rf6
26. Re1 Kc7 27. Bg8 Rg6+ 28. Kf1 Rh6 29. Ra3 Kb8 30. Re8+ Kb7
31. Re7+ Rd7 32. Bd5+ Kb8 33. Re8+ Kc7 34. Rc3+ Kd6 35. Be4
Nd5 36. Bxd5 Kxd5 37. Rd3+ Kc6 38. Rc8+ Kb7 39. Rxd7+ Kxc8
40. Rxa7 Rxh2 41. Rxg7 Rh4 42. Rg4 Rh5 43. a4 Ra5 44. Rd4 h5
45. Kg2 Rg5+ 46. Kh3 Kc7 47. Kh4 Rf5 48. f4 Kc6 49. Kg3 Ra5
50. f3 Kc5 51. Re4 Kd6 52. Kf2 Kd7 53. Ke3 Kd6 54. Rb4 Ke6
55. f5+ Kf6 56. Rb6+ Kf7 57. Kf4 Rxa4+ 58. Kg5 Ra3 59. Rb7+
Kf8 60. Kg6 Rxf3 61. Kf6 Kg8 62. Rb8+ Kh7 63. Rb5 Kg8 64. Rb8+
Kh7 65. Rb7+ Kg8 66. Rg7+ Kf8 67. Rh7 Kg8 68. Rxh5 Rf1 69. Rh2
Rf3 70. Rg2+ Kf8 71. Ra2 Kg8 72. Ra8+ Kh7 73. Rd8 Rf1 74. Rd2
Kg8 75. Ra2 Rf3 76. Rb2 Rf1 77. Rb8+ Kh7 78. Re8 Rf2 79. Re4
Kg8 80. Re8+ Kh7 81. Re5 Kg8 82. Ke7 Kg7 83. Ke6 Rf1 84. Re3
Rf2 85. Rg3+ Kf8 1/2-1/2

[Event "European Individual Championship (Women)"]
[Site "Mamaia ROU"]
[Date "2016.06.07"]
[EventDate "2016.05.27"]
[Round "11.39"]
[Result "1/2-1/2"]
[White "Elisabeth Hapala"]
[Black "Keti Tsatsalashvili"]
[WhiteElo "2227"]
[BlackElo "2278"]
[PlyCount "201"]

1. e4 c5 2. Nf3 d6 3. d4 cxd4 4. Nxd4 Nf6 5. Nc3 Nc6 6. Bg5 e6
7. Qd2 a6 8. O-O-O Bd7 9. f3 b5 10. Nxc6 Bxc6 11. Ne2 Be7
12. Nd4 Bd7 13. Be3 e5 14. Ne2 b4 15. g4 Qa5 16. Kb1 Be6
17. Nc1 O-O 18. g5 Nh5 19. Qf2 Rfc8 20. h4 Rc6 21. Bh3 Rac8
22. Rd2 Bxh3 23. Rxh3 Qc7 24. Nd3 a5 25. f4 exf4 26. Nxf4 Nxf4
27. Bxf4 a4 28. h5 Qd7 29. Rhd3 Qe6 30. Qf3 Ra6 31. Rd4 Rb6
32. Qd3 Rc3 33. Qe2 Rc8 34. Qd3 Rc3 35. Qe2 Rc8 36. Qd3 Bf8
37. Bxd6 Rc3 38. Qe2 Bxd6 39. Rxd6 Rxd6 40. bxc3 bxc3 41. Qb5
Kf8 42. Qb8+ Ke7 43. Qc7+ Qd7 44. Qxd7+ Rxd7 45. Rd3 a3
46. Kc1 Rc7 47. Kd1 Rc4 48. Re3 Ke6 49. Ke2 Ke5 50. Kf3 h6
51. gxh6 gxh6 52. Rd3 Rxe4 53. Rxc3 Ra4 54. Rc7 f6 55. Ke3 Kf5
56. c4 Rb4 57. Ra7 Rxc4 58. Rxa3 Kg5 59. Ra5+ f5 60. Kf3 Rc3+
61. Kf2 Kg4 62. Ra8 Kxh5 63. a4 Kg4 64. a5 Ra3 65. a6 Ra2+
66. Kg1 Kg3 67. Rg8+ Kf3 68. Rg6 h5 69. Rh6 Kg4 70. Rg6+ Kf4
71. Kh1 h4 72. Kg1 Kf3 73. Rh6 Kg4 74. Rg6+ Kh5 75. Rb6 Kg5
76. Kf1 h3 77. Kg1 f4 78. Rb8 Rxa6 79. Kh2 Kg4 80. Rg8+ Kf3
81. Rb8 Re6 82. Rb3+ Re3 83. Rb4 Re4 84. Rb3+ Kf2 85. Rb2+ Re2
86. Rb1 Re3 87. Rb2+ Kf1 88. Rb1+ Re1 89. Rb3 Re2+ 90. Kh1 Re3
91. Rb1+ Re1 92. Rb3 Kf2+ 93. Kh2 f3 94. Kxh3 Re3 95. Rb1 Ke2
96. Kg3 f2+ 97. Kg2 Re6 98. Rb2+ Ke1 99. Rb1+ Ke2 100. Rb2+
Ke1 101. Rb1+ 1/2-1/2

[Event "European Individual Championship (Women)"]
[Site "Mamaia ROU"]
[Date "2016.06.07"]
[EventDate "2016.05.27"]
[Round "11.52"]
[Result "0-1"]
[White "Maria Anghel"]
[Black "Svetlana Sucikova"]
[WhiteElo "1703"]
[BlackElo "2072"]
[PlyCount "164"]

1. e4 c6 2. Nf3 d5 3. Nc3 dxe4 4. Nxe4 Bg4 5. Ng3 Nf6 6. h3
Bc8 7. d4 e6 8. Bf4 Nbd7 9. c3 Be7 10. Bd3 O-O 11. O-O b6
12. Re1 Bb7 13. Ne5 Re8 14. Bc2 Nf8 15. Ne4 Nxe4 16. Bxe4 Qc7
17. Nd3 Bd6 18. Bxd6 Qxd6 19. Ne5 Rac8 20. Qe2 Red8 21. Red1
Qc7 22. a4 a5 23. Rac1 Kh8 24. h4 f6 25. Nf3 Qf4 26. Qe3 Qb8
27. Nd2 Ba6 28. Nf3 Qd6 29. Qd2 Bc4 30. Bc2 Bd5 31. Qe3 b5
32. b3 bxa4 33. bxa4 Rb8 34. Rb1 Qa3 35. Qd3 Ba2 36. Rxb8 Rxb8
37. Ra1 Qb2 38. Re1 Rd8 39. Qe4 Qxc3 40. Qd3 Qxd3 41. Bxd3 Bb3
42. Ra1 Rb8 43. Nd2 Bd5 44. Ne4 Ng6 45. g3 Ne7 46. Nc5 Nc8
47. Kf1 Nd6 48. Re1 Kg8 49. Nxe6 Re8 50. Nf4 Rxe1+ 51. Kxe1
Bb3 52. Kd2 Bxa4 53. Kc3 g5 54. hxg5 fxg5 55. Nh5 h6 56. g4
Bd1 57. Kd2 Bb3 58. Nf6+ Kg7 59. Nd7 Bd5 60. Ne5 Kf6 61. Nd7+
Ke7 62. Nc5 Bf3 63. Be2 Ne4+ 64. Nxe4 Bxe4 65. Bd1 Kd6 66. Ke3
Bg2 67. f3 Bf1 68. f4 gxf4+ 69. Kxf4 Bd3 70. Bb3 Bh7 71. g5
hxg5+ 72. Kxg5 c5 73. dxc5+ Kxc5 74. Ba4 Kb4 75. Be8 Bc2
76. Kf4 Ba4 77. Bf7 Bb5 78. Ke3 Kc3 79. Ba2 a4 80. Be6 a3
81. Ba2 Bc4 82. Bb1 Kb2 0-1

[Event "European Individual Championship (Women)"]
[Site "Mamaia ROU"]
[Date "2016.06.07"]
[EventDate "2016.05.27"]
[Round "11.13"]
[Result "1/2-1/2"]
[White "Cristina-Adela Foisor"]
[Black "Corina-Isabela Peptan"]
[WhiteElo "2322"]
[BlackElo "2402"]
[PlyCount "303"]

1. d4 Nf6 2. Nf3 e6 3. e3 c5 4. Bd3 Nc6 5. O-O cxd4 6. exd4
Be7 7. c3 b6 8. Re1 Bb7 9. Nbd2 Qc7 10. Qe2 O-O 11. Nf1 Rfe8
12. Ng3 h6 13. Bd2 Bf8 14. Rac1 Rac8 15. Bb1 d6 16. Qd3 Nb8
17. c4 Nbd7 18. Nh5 Qb8 19. Bc3 Bxf3 20. gxf3 d5 21. cxd5 exd5
22. Kh1 Rxe1+ 23. Rxe1 g6 24. Nxf6+ Nxf6 25. Bd2 Re8 26. Rg1
Bg7 27. Be3 Qd6 28. Qd2 Kh7 29. Bd3 Nh5 30. Rc1 Qd7 31. Kg2
Rc8 32. Rc3 Bf8 33. Qc1 Rxc3 34. bxc3 b5 35. h3 a6 36. Bc2 Qd6
37. a4 b4 38. cxb4 Qxb4 39. Qd2 Qc4 40. Qd3 Qc6 41. Bb3 Bb4
42. Qc2 Qxc2 43. Bxc2 Kg7 44. Bb3 g5 45. h4 Kg6 46. Bxd5 Nf4+
47. Bxf4 gxf4 48. Bc6 a5 49. d5 Kf6 50. Kh3 Bc5 51. Kg4 Bd6
52. Kh5 Kg7 53. Bd7 Bc7 54. Be8 Bd6 55. Bb5 Bc7 56. Bd3 Bd6
57. Bc2 Bc7 58. Bb3 Bd6 59. Kg4 Kf6 60. Bc4 Bc7 61. Bb5 Bd6
62. Be8 Bc7 63. Kh3 Bd6 64. Kg2 Ke7 65. Bc6 Bc5 66. Kf1 Kd6
67. Ke2 Ke5 68. Kd3 Bxf2 69. h5 Bc5 70. Kc4 Bb4 71. Be8 f6
72. Bf7 Kd6 73. Kd4 f5 74. Be6 Bc5+ 75. Kc4 Bb4 76. Bxf5 Ke5
77. Be6 Be7 78. Bg8 Bb4 79. Bh7 Bd6 80. Bb1 Bb4 81. Ba2 Bd6
82. Kb5 Bb4 83. Kc6 Ba3 84. Bb1 Bb4 85. Be4 Ba3 86. Kc7 Bb4
87. Kb6 Kd6 88. Kb5 Ke5 89. Kc4 Bd6 90. Bc2 Bb4 91. Bb3 Bd6
92. Kb5 Bb4 93. Kb6 Kd6 94. Ba2 Bd2 95. Kb7 Bc3 96. Kc8 Bf6
97. Bb3 Bh4 98. Kb7 Be1 99. Kb6 Bd2 100. Kb5 Bb4 101. Ba2 Ke5
102. Kc6 Ba3 103. Bb1 Bb4 104. Bh7 Ba3 105. Bg8 Bb4 106. Kb6
Kd6 107. Kb5 Ke5 108. Be6 Kd6 109. Bf7 Ke5 110. Kc6 Ba3
111. Kd7 Bb4 112. Bg8 Ba3 113. Kc7 Bb4 114. Kc6 Ba3 115. Kb6
Bb4 116. Kb5 Kd6 117. Bf7 Ke5 118. Be6 Kd6 119. Kc4 Ke5
120. Kd3 Bd6 121. Kc3 Be7 122. Kc4 Bb4 123. Kb5 Kd6 124. Kb6
Ke5 125. Kc6 Ba3 126. Kd7 Bb4 127. Ke8 Kf6 128. Bd7 Ba3
129. Bb5 Bb4 130. Bc4 Ba3 131. Ba2 Bb4 132. Kd7 Ke5 133. Kc7
Ba3 134. Kc6 Bb4 135. Kb5 Kd6 136. Bb3 Ke5 137. Bc4 Kd6
138. Ba2 Ke5 139. Kc4 Bd6 140. Kc3 Be7 141. Kd3 Bd6 142. Kc3
Bb4+ 143. Kc4 Ba3 144. Kb5 Bb4 145. Bb3 Kd6 146. Ba2 Ke5
147. Kc4 Bd6 148. Kd3 Bb4 149. Bb3 Bd6 150. Kc4 Bb4 151. Kb5
Kd6 152. Ba2 1/2-1/2

[Event "European Individual Championship (Women)"]
[Site "Mamaia ROU"]
[Date "2016.06.07"]
[EventDate "2016.05.27"]
[Round "11.21"]
[Result "1/2-1/2"]
[White "Daria Charochkina"]
[Black "Maria Manakova"]
[WhiteElo "2362"]
[BlackElo "2254"]
[PlyCount "289"]

1. Nf3 Nf6 2. g3 g6 3. Bg2 Bg7 4. O-O O-O 5. d4 d5 6. Nbd2 c5
7. dxc5 Na6 8. Nb3 e6 9. Ne5 Ne4 10. Nd3 Qe7 11. Be3 Rd8
12. Qc1 Bd7 13. f3 Nf6 14. Bg5 Ba4 15. e4 dxe4 16. fxe4 e5
17. Qe3 h6 18. Bxf6 Bxf6 19. Qxh6 Bxb3 20. axb3 Nxc5 21. Rxf6
Nxd3 22. Rf3 Qc5+ 23. Qe3 Qxe3+ 24. Rxe3 Nxb2 25. Bf1 a6
26. Rb1 Nd1 27. Rf3 Rac8 28. Bd3 Nc3 29. Rbf1 f5 30. Bc4+ Rxc4
31. bxc4 Nxe4 32. Rd3 Rc8 33. Rb1 Rc7 34. Rb6 Kg7 35. Rd8 Rxc4
36. Rxb7+ Kh6 37. Rb2 Rc5 38. Kg2 Kg5 39. Kf3 Rc3+ 40. Rd3 Rc4
41. Ra3 Nc3 42. h4+ Kh5 43. Rb7 e4+ 44. Kg2 Nd1 45. c3 a5
46. Rd7 Ne3+ 47. Kf2 Ng4+ 48. Ke2 Nh2 49. Kf2 Ng4+ 50. Kg2
Ne3+ 51. Kh3 g5 52. Rg7 gxh4 53. gxh4 a4 54. Rh7+ Kg6 55. Ra7
Nc2 56. R3xa4 Rxc3+ 57. Kh2 Ne3 58. Ra3 Ng4+ 59. Kg2 Rxa3
60. Rxa3 e3 61. Kg3 Nf6 62. Ra6 Kf7 63. Kf3 Ng4 64. Kg3 Kg7
65. Kf4 Kf7 66. Kxf5 e2 67. Ra7+ Kf8 68. Ra1 Ne3+ 69. Kf6 Nd5+
70. Kg5 Nc3 71. Re1 Kg7 72. h5 Kh7 73. Ra1 Ne4+ 74. Kh4 Nd2
75. Kg4 Ne4 76. Re1 Nc3 77. Kg5 Ne4+ 78. Kh4 Nc3 79. Rc1 Kh6
80. Ra1 Ne4 81. Ra6+ Kh7 82. Ra1 Kh6 83. Re1 Nc3 84. Kg4 Kg7
85. Kg5 Ne4+ 86. Kh4 Nc3 87. Rg1+ Kh7 88. Kg4 Kh6 89. Re1 Kg7
90. Rh1 Kh6 91. Kf3 Kh7 92. h6 Kh8 93. Kg4 Kh7 94. Kh5 Ne4
95. Re1 Nf6+ 96. Kg5 Ne4+ 97. Kf5 Nc3 98. Rh1 Nd1 99. Kg5 Nf2
100. Re1 Ne4+ 101. Kf4 Nc3 102. Rh1 Nd1 103. Kf3 Nc3 104. Ke3
Kh8 105. Kd3 Nd5 106. Kxe2 Kh7 107. Kf3 Nf6 108. Kf4 Kg6
109. Rh2 Nh7 110. Rh3 Nf6 111. Rh1 Nh7 112. Rg1+ Kxh6 113. Kf5
Nf8 114. Rg8 Nh7 115. Rg6+ Kh5 116. Rg7 Kh6 117. Rg8 Kh5
118. Rg6 Nf8 119. Rg8 Nh7 120. Rg7 Kh6 121. Rg1 Nf8 122. Rg8
Nh7 123. Re8 Kg7 124. Re7+ Kh6 125. Rf7 Ng5 126. Ra7 Nh7
127. Rb7 Nf8 128. Re7 Nh7 129. Rf7 Ng5 130. Rf6+ Kh5 131. Rg6
Nf3 132. Rg8 Nh4+ 133. Kf6 Nf3 134. Rg3 Nh4 135. Rg5+ Kh6
136. Ra5 Ng6 137. Ra8 Kh5 138. Rg8 Nh4 139. Rg3 Kh6 140. Rg5
Nf3 141. Rg3 Nh4 142. Rg5 Nf3 143. Rf5 Nh4 144. Ra5 Nf3
145. Ra4 1/2-1/2